20世紀以降に消滅した郡 - Statistics

General Stats
  • This quiz has been taken 56 times
    51 since last reset
  • The average score is 118 of 271
Answer Stats
Hint Answer % Correct
佐渡郡 2004/03/01
63%
大野郡 2005/03/31 | 2005/11/07
63%
東磐井郡 2011/09/26
58%
北埼玉郡 2010/03/23
58%
北多摩郡 1970/11/03
58%
南多摩郡 1971/11/01
58%
津久井郡 2007/03/11
58%
北魚沼郡 2010/03/31
58%
東礪波郡 2004/11/01
58%
上新川郡 2005/04/01
58%
射水郡 2005/11/01
58%
西礪波郡 2005/11/01
58%
石川郡 2011/11/11
58%
西成郡 1925/04/01
58%
宮崎郡 2010/03/23
58%
川辺郡 2007/12/01
58%
高島郡 1940/09/01 | 2005/01/01
53%
札幌郡 1996/09/01
53%
稗貫郡 2006/01/01
53%
栗原郡 2005/04/01
53%
由利郡 2005/10/01
53%
上都賀郡 2011/10/01
53%
東葛飾郡 2005/03/28
53%
荏原郡 1932/10/01
53%
豊多摩郡 1932/10/01
53%
南葛飾郡 1932/10/01
53%
橘樹郡 1938/10/01
53%
西頸城郡 2005/03/19
53%
東頸城郡 2005/04/01
53%
中頸城郡 2005/04/01
53%
氷見郡 1954/04/01
53%
婦負郡 2005/04/01
53%
鳳至郡 2005/03/01
53%
珠洲郡 2005/03/01
53%
南安曇郡 2005/10/01
53%
東成郡 1925/04/01
53%
北河内郡 1971/11/03
53%
糸島郡 2010/01/01
53%
壱岐郡 2004/03/01
53%
下県郡 2004/03/01
53%
上県郡 2004/03/01
53%
日田郡 2005/03/22
53%
大分郡 2005/10/01
53%
日置郡 2005/11/07
53%
揖宿郡 2007/12/01
53%
伊佐郡 2008/11/01
53%
静内郡 2006/03/31
47%
三石郡 2006/03/31
47%
登米郡 2005/04/01
47%
桃生郡 2005/04/01
47%
河辺郡 2005/01/11
47%
平鹿郡 2005/10/01
47%
南村山郡 1957/03/21
47%
西田川郡 2005/10/01
47%
石城郡 1966/10/01
47%
多賀郡 2004/11/01
47%
鹿島郡 2005/10/11
47%
西茨城郡 2006/03/19
47%
新治郡 2006/03/27
47%
筑波郡 2006/03/27
47%
北豊島郡 1932/10/01
47%
南足立郡 1932/10/01
47%
久良岐郡 1936/10/01
47%
西山梨郡 1954/10/17
47%
東山梨郡 2005/11/01
47%
山県郡 2003/04/01
47%
郡上郡 2004/03/01
47%
益田郡 2004/03/01
47%
吉城郡 2005/02/01
47%
海津郡 2005/03/28
47%
富士郡 2010/03/23
47%
碧海郡 1970/12/01
47%
渥美郡 2005/10/01
47%
安濃郡 1954/04/01 | 1956/09/30
47%
滋賀郡 2006/03/20
47%
中河内郡 1958/10/01
47%
武庫郡 1954/04/01
47%
養父郡 2004/04/01
47%
氷上郡 2004/11/01
47%
津名郡 2006/02/11
47%
南葛城郡 1958/03/31
47%
那賀郡 2005/10/01 | 2006/04/01
47%
知夫郡 1969/04/01
47%
海士郡 1969/04/01
47%
美濃郡 2004/11/01
47%
邑久郡 2004/11/01
47%
阿哲郡 2005/03/31
47%
比婆郡 2005/03/31
47%
佐波郡 2005/10/01
47%
大川郡 2003/04/01
47%
三豊郡 2006/01/01
47%
東宇和郡 2004/04/01
47%
周桑郡 2004/11/01
47%
温泉郡 2005/01/01
47%
企救郡 1948/09/10
47%
三池郡 2007/01/29
47%
筑紫郡 2018/10/01
47%
北高来郡 2005/03/01
47%
南高来郡 2006/03/31
47%
鹿本郡 2010/03/23
47%
北海部郡 2005/01/01
47%
下毛郡 2005/03/01
47%
南海部郡 2005/03/03
47%
直入郡 2005/04/01
47%
西国東郡 2005/10/01
47%
南那珂郡 2009/03/30
47%
厚田郡 2005/10/01
42%
浜益郡 2005/10/01
42%
南置賜郡 1958/04/01
42%
安積郡 1965/05/01
42%
信夫郡 1968/10/01
42%
北会津郡 2004/11/01
42%
行方郡 2005/09/02
42%
山田郡 2006/03/27
42%
群馬郡 2006/10/01
42%
千葉郡 1967/01/01
42%
市原郡 1967/10/01
42%
海上郡 2005/07/01
42%
匝瑳郡 2006/03/27
42%
都筑郡 1939/04/01
42%
古志郡 2005/04/01
42%
中蒲原郡 2006/01/01
42%
江沼郡 2005/10/01
42%
坂井郡 2006/03/20
42%
北巨摩郡 2006/03/15
42%
東八代郡 2006/08/01
42%
西筑摩郡 1968/05/01
42%
更級郡 2005/01/01
42%
武儀郡 2005/02/07
42%
恵那郡 2005/02/13
42%
土岐郡 2006/01/23
42%
安倍郡 1969/01/01
42%
小笠郡 2005/04/01
42%
磐田郡 2005/07/01
42%
庵原郡 2008/11/01
42%
志太郡 2009/01/01
42%
浜名郡 2010/03/23
42%
八名郡 1956/09/30
42%
東春日井郡 1970/12/01
42%
葉栗郡 2005/04/01
42%
中島郡 2005/04/01
42%
東加茂郡 2005/04/01
42%
南設楽郡 2005/10/01
42%
西加茂郡 2010/01/04
42%
宝飯郡 2010/02/01
42%
幡豆郡 2011/04/01
42%
阿山郡 2004/11/01
42%
飯南郡 2005/01/01
42%
鈴鹿郡 2005/01/11
42%
安芸郡 2006/01/01
42%
栗太郡 2001/10/01
42%
甲賀郡 2004/10/01
42%
坂田郡 2005/10/01
42%
神崎郡 2006/01/01
42%
東浅井郡 2010/01/01
42%
紀伊郡 1931/04/01
42%
中郡 2004/04/01
42%
天田郡 2006/01/01
42%
加西郡 1967/04/01
42%
三原郡 2005/01/11
42%
朝来郡 2005/04/01
42%
出石郡 2005/04/01
42%
加東郡 2006/03/20
42%
宍粟郡 2006/03/27
42%
宇智郡 1959/01/01
42%
添上郡 2005/04/01
42%
気高郡 2004/11/01
42%
能義郡 2004/10/01
42%
大原郡 2004/11/01
42%
邇摩郡 2005/10/01
42%
八束郡 2011/08/01
42%
簸川郡 2011/10/01
42%
上道郡 1971/05/01
42%
児島郡 2005/03/22
42%
上房郡 2005/03/31
42%
御津郡 2007/01/22
42%
赤磐郡 2007/01/22
42%
芦品郡 2003/02/03
42%
双三郡 2004/04/01
42%
沼隈郡 2005/02/01
42%
賀茂郡 2005/03/22
42%
甲奴郡 2005/03/31
42%
佐伯郡 2005/11/03
42%
深安郡 2006/03/01
42%
都濃郡 2003/04/21
42%
吉敷郡 2005/10/01
42%
麻植郡 2004/10/01
42%
阿波郡 2005/04/01
42%
新居郡 1959/04/01
42%
宇摩郡 2004/04/01
42%
香美郡 2006/03/01
42%
浮羽郡 2005/03/20
42%
山門郡 2007/01/29
42%
佐賀郡 2007/10/01
42%
飽託郡 1991/02/01
42%
宇土郡 2005/01/15
42%
宇佐郡 2005/03/31
42%
千歳郡 1970/11/01
37%
志田郡 2006/03/31
37%
真壁郡 2005/10/01
37%
足利郡 1962/10/01
37%
安蘇郡 2005/02/28
37%
新田郡 2006/03/27
37%
勢多郡 2009/05/05
37%
鎌倉郡 1948/06/01
37%
敦賀郡 1955/01/15
37%
足羽郡 2006/02/01
37%
稲葉郡 1963/04/01
37%
引佐郡 2005/07/01
37%
河芸郡 1956/09/30
37%
志摩郡 2004/10/01
37%
名賀郡 2004/11/01
37%
一志郡 2006/01/01
37%
伊香郡 2010/01/01
37%
愛宕郡 1949/04/01
37%
宇治郡 1951/03/01
37%
何鹿郡 1956/09/30
37%
竹野郡 2004/04/01
37%
熊野郡 2004/04/01
37%
加佐郡 2006/01/01
37%
明石郡 1951/01/10
37%
有馬郡 1958/07/01
37%
印南郡 1979/02/01
37%
多紀郡 1999/04/01
37%
城崎郡 2005/04/01
37%
美嚢郡 2005/10/24
37%
飾磨郡 2006/03/27
37%
川上郡 2004/10/01
37%
後月郡 2005/03/01
37%
吉備郡 2005/08/01
37%
安佐郡 1973/03/20
37%
高田郡 2004/03/01
37%
御調郡 2005/03/28
37%
豊浦郡 2005/02/13
37%
厚狭郡 2005/03/22
37%
美祢郡 2008/03/21
37%
早良郡 1975/03/01
37%
宗像郡 2005/03/28
37%
小城郡 2005/03/01
37%
囎唹郡 1972/04/01
37%
小樽郡 1940/09/01
32%
歌棄郡 1955/01/15
32%
美国郡 1956/09/30
32%
花咲郡 1959/04/01
32%
幌別郡 1970/08/01
32%
名取郡 1988/03/01
32%
玉造郡 2006/03/31
32%
北甘楽郡 1950/04/01
32%
碓氷郡 2006/03/18
32%
君津郡 1991/04/01
32%
遠敷郡 2006/03/03
32%
海東郡 1913/04/04
32%
海西郡  1913/04/04
32%
野洲郡 2004/10/01
32%
葛野郡 1948/04/01
32%
南桑田郡 1959/09/30
32%
北桑田郡 2006/01/01
32%
周吉郡 1969/04/01
32%
大津郡 2005/03/22
32%
江刺郡 1958/11/03
26%
室蘭郡 1918/02/01
21%
振別郡 1923/04/01
21%
太櫓郡 1955/04/01
21%
根室郡 1957/08/01
21%
忍路郡 1958/04/01
21%
穏地郡 1969/04/01
21%
当縁郡 1906/04/01
16%
No matching quizzes found
Score Distribution
Percent of People with Each Score
Percentile by Number Answered
Your Score History
You have not taken this quiz since the last reset